000 01052nam a2200313 i 4500
001 19511
003 KOSZ 005
005 20191023100532.0
008 020718s1978 pl a |001 0 pol
015 _aPB 1978/7071
040 _aWA N
_cWA N
_dKOSZ 005/HR
046 _k1978
080 _a519.2
080 _a53.08
080 _a62
100 1 _aStrzałkowski, Adam
_d(1923- )
_eAutor
245 1 0 _aMatematyczne metody opracowywania wyników pomiarów /
_cAdam Strzałkowski, Aleksander Śliżyński.
250 _aWyd. 3 zm.
260 _aWarszawa :
_bPaństwowe Wydaw. Naukowe,
_c1978 dr. ukończ. 1977.
300 _a339, [1] s. :
_bil. tab. wykr. err. +
_eStreszczenie (43, [1] s.) ;
_c25 cm.
504 _aIndeks.
658 _aMatematyka
658 _aFizyka i astronomia
650 4 _aPomiary
650 4 _aBłędy
700 1 _aŚliżyński, Aleksander
_d(1933-1970)
_eAutor
856 _uhttp://koha.tu.koszalin.pl/cgi-bin/koha/opac-detail.pl?biblionumber=19511
_yKatalog online BPK
942 _2UKD
_cKS
999 _c19511
_d19511